Jouranl of the Bhutan Ecological Society. (Record no. 7681)

MARC details
000 -LEADER
fixed length control field 00318nam a22001217a 4500
008 - FIXED-LENGTH DATA ELEMENTS--GENERAL INFORMATION
fixed length control field 190227b ||||| |||| 00| 0 eng d
100 ## - MAIN ENTRY--PERSONAL NAME
Personal name Tobgay, Tshering
245 ## - TITLE STATEMENT
Title Jouranl of the Bhutan Ecological Society.
260 ## - PUBLICATION, DISTRIBUTION, ETC.
Place of publication, distribution, etc. Thimphu ;
Date of publication, distribution, etc. 2018.
300 ## - PHYSICAL DESCRIPTION
Extent 100 p.
Other physical details ill.
Dimensions 25 cm.
700 ## - ADDED ENTRY--PERSONAL NAME
Personal name Wangmo, Kuenga
942 ## - Added entry Elements (Koha)
Source of classification or shelving scheme Dewey Decimal Classification
Holdings
Withdrawn status Lost status Source of classification or shelving scheme Damaged status Not for loan Collection code Home library Current library Shelving location Date acquired Serial Enumeration / chronology Total Checkouts Barcode Date last seen Price effective from Koha item type
    Dewey Decimal Classification     Periodicals RTC Library RTC Library Periodicals 27/02/2019 13474   30013274 27/02/2019 27/02/2019 Periodicals
    Dewey Decimal Classification     Periodicals RTC Library RTC Library Periodicals 27/02/2019 13475   30013748 27/02/2019 27/02/2019 Periodicals
Royal Thimphu College || All Right Reserved